| 000 | 01046cam a22003013a 4500 | ||
|---|---|---|---|
| 001 | 7415 | ||
| 003 | PGUSA | ||
| 005 | 20140828083144.0 | ||
| 008 | 050201s2005||||xxu|||||s|||||000 | eng d | ||
| 040 |
_aPGUSA _beng |
||
| 042 | _adc | ||
| 050 | 4 | _aPR | |
| 050 | 4 | _aDA | |
| 100 | 1 |
_aHudson, W. H. _q(William Henry), _d1841-1922 |
|
| 245 | 1 | 2 |
_aA Shepherd's Life : _bImpressions of the South Wiltshire Downs _h[electronic resource] / _cW. H. Hudson |
| 260 |
_bProject Gutenberg, _c2005 |
||
| 506 | _aPublic domain in the USA. | ||
| 516 | _aElectronic text | ||
| 653 | _aWiltshire (England) -- Social life and customs | ||
| 653 | _aNatural history -- England -- Wiltshire | ||
| 653 | _aCountry life -- England -- Wiltshire | ||
| 653 | _aHudson, W. H. (William Henry), 1841-1922 -- Homes and haunts -- England -- Wiltshire | ||
| 653 | _aWiltshire (England) -- Description and travel | ||
| 653 | _aShepherds -- England -- Wiltshire | ||
| 830 | 0 |
_aProject Gutenberg _v7415 |
|
| 856 | 4 | 0 | _uhttp://www.gutenberg.org/ebooks/7415 |
| 942 | _cEB | ||
| 999 |
_c236735 _d236735 |
||